| 000 | 01135cam a22001934a 4500 | ||
|---|---|---|---|
| 005 | 20250605164028.0 | ||
| 008 | 250528s ||||||||||||||||||||||||d | ||
| 035 | _a16527 | ||
| 020 | _a9602861428 | ||
| 040 |
_aGR-AtMCL _bgre _dGR-AtMCL _eAACR2 |
||
| 245 | 1 | _aΕμπορικό Δίκαιο | |
| 260 |
_bΈλλην, _c1994 |
||
| 300 | _a240 | ||
| 520 | _aΕισαγωγή, Εμπορικές Πράξεις, Οι Έμποροι, Τα Εμπορικά Βιβλία, Εμπορική και Βιομηχανική Ιδιοκτησία, Δικαιόγραφα και Πιστωτικοί Τίτλοι, Συναλλαγματική, Γραμμάτιο σε Διαταγή, Τραπεζική Επιταγή, Γενικά Περί των Εμπορικών Εταιρειών, Ομόρρυθμη Εταιρία, Εττερόρρυθμη Εταιρία, Αφανής Εταιρία, Συνεταιρισμός, Ανώνυμη Εταιρία, Εταιρία Περιορισμένης Ευθύνης, Πτώχευση. | ||
| 700 | 1 |
_aΠαπασπύρος Βησσαρίων _92626 |
|
| 942 | _cBK | ||
| 999 |
_c2021 _d2021 |
||